00941nam a22001817a 4500003000900000008004100009040007100050082002700121110005100148245001500199260003300214300002900247505037500276650002100651650001400672650002100686710005200707AR-CdUCM190401b ||||| |||| 00| 0 spa d aMUNICIPALIDAD PROVINCIAL DEL CUSCOcBIBLIOTECA MUNICIPAL DEL CUSCO aC / 340.7 /bJ94 /1966 aOrgano del centro federado facultad de derecho aJusticia / aCusco :bH. G. Rozas,c1966. axi 173 paginas ;c29 cm. aContenido : Ciencia jurídica al servicio del Perú como país en vía de desarrollo prof. Carlos Ferdinand -- El problema sexual de las prisiones, Dra. Bertha Degregori de Nieto -- El arbitraje en la nueva ley orgánica del poder judicial y en el código de procedimientos civiles en el Perú -- Bases para investigar procesos judiciales, Jorge Florez Ochoa.... aProceso Judicial aArbitraje aCiencia juridica aUniversidad Nacional San Antonio Abad del Cusco